Normal view
MARC view
Entry Personal Name
001 - CONTROL NUMBER
- control field: 71981
003 - CONTROL NUMBER IDENTIFIER
- control field:
005 - DATE AND TIME OF LATEST TRANSACTION
- control field: 20210601182447.0
008 - FIXED-LENGTH DATA ELEMENTS
- fixed length control field: 210601|| aca||aabn | a|a d
040 ## - CATALOGING SOURCE
- Original cataloging agency:
- Transcribing agency:
100 ## - HEADING--PERSONAL NAME
- Personal name: Baker, Kenneth R.
- Fuller form of name: (Kenneth Robert)
- Dates associated with a name: 1943-
670 ## - SOURCE DATA FOUND
- Source citation: Work cat.: (): Baker, Kenneth R. (Kenneth Robert) 1943-, Introduction to sequencing and scheduling/, c1974
